Selena
Η ιστορία της βραβευμένης με Grammy τραγουδίστριας, η ζωή της οποίας τελείωσε ενω η καριέρα της βρισκόταν στο απόγειο της δόξας της.
Αποθηκεύτηκε σε:
| Άλλοι συγγραφείς: | , , |
|---|---|
| Μορφή: | |
| Γλώσσα: | English Multiple |
| Δημοσίευση: |
Αθήνα :
Audio Visual Enterprises [Εταιρεία διανομής],
c2003.
|
| Θέματα: | |
| Ετικέτες: |
Προσθήκη ετικέτας
Δεν υπάρχουν, Καταχωρήστε ετικέτα πρώτοι!
|
MARC
| LEADER | 00000cgm a2200000 i 4500 | ||
|---|---|---|---|
| 001 | 1/5221 | ||
| 008 | 100304s2003 xx ||| | || ||eng|| | ||
| 035 | |l 10107086 | ||
| 040 | |a GR-MyUa |b gre |e AACR2 | ||
| 041 | 0 | |a eng |j mul | |
| 082 | 7 | |a 791.437 |2 (22) | |
| 245 | 0 | 0 | |a Selena |h [μαγνητοσκόπηση] / |c written and directed by Gregory Nava. |
| 260 | |a Αθήνα : |b Audio Visual Enterprises [Εταιρεία διανομής], |c c2003. | ||
| 300 | |a 1 βιντεοδίσκος (122 λεπτ.) : |b ομίλ., έγχρ. ; |c 4 3/4 ίν. | ||
| 500 | |a Κυκλοφόρησε πρώτη φορά ως κινηματογραφική ταινία το 1997. | ||
| 508 | |a Μουσική, Dave Grusin ; μοντάζ, Nancy Richardson ; σχεδιασμός παραγωγής, Cary White ; διεύθυνση φωτογραφίας, Edward Lachman ; εκτέλεση παραγωγής, Abraham Quintanilla ; παραγωγή, Moctesuma Esparza & Robert Katz. | ||
| 511 | 0 | |a Jennifer Lopez, Edward James Olmos, Jon Seda, Constance Marie, Jacob Vargas, Lupe Ontiveros, Jackie Guerra. | |
| 520 | 8 | |a Η ιστορία της βραβευμένης με Grammy τραγουδίστριας, η ζωή της οποίας τελείωσε ενω η καριέρα της βρισκόταν στο απόγειο της δόξας της. | |
| 546 | |a Στα αγγλικά με υπότιτλους στα ελληνικά | ||
| 600 | 0 | 0 | |a Selena, |d 1971-1995 |v Drama. |
| 655 | 7 | |a Feature films |2 lcgft | |
| 700 | 1 | |a Nava, Gregory, |e drt |e aus | |
| 700 | 1 | |a Lopez, Jennifer, |d 1970- |e act | |
| 700 | 1 | |a Olmos, Edward James, |e act | |
| 852 | |a INST |b SYROS |c AV |e 20100304 |h 791.437 NAV |p 005500007801 |q 005500007801 |t DVD |y 23 | ||
| 901 | |a BIBL5-2008-1 | ||
| 922 | |a 5ΕΛΗ |b 200810 |c ΒΙΒΛΙΟΘΗΚΗ ΣΥΡΟΥ |d DVD CLUB ENTER | ||
| 970 | |a Κοντού |b Παρασκευή |z 04/03/2010 | ||